| 000 | 01052nam a2200289 a 4500 | ||
|---|---|---|---|
| 001 | 000037743 | ||
| 003 | DO-SdBNP | ||
| 005 | 20240302073953.0 | ||
| 008 | 130305s2012 dr 000 0 spa d | ||
| 020 | _a9789993446170 | ||
| 040 |
_aDO-SdBNP _bspa _cBNPHU |
||
| 082 |
_a801.92 _bR789b |
||
| 100 | 1 |
_aRosario Candelier, Bruno, _d1941- _9851 |
|
| 245 | 1 | 3 |
_aLa belleza y el sentido : _bteoría de la creación literaria / _cBruno Rosario Candelier. |
| 260 |
_aSanto Domingo : _bBúho, _c2012. |
||
| 300 |
_a488 p. ; _c24 cm. |
||
| 490 | 1 |
_aPor las amenas liras _v13 |
|
| 500 | _aIncluye datos biográficos del autor en las solapas de la cubierta. | ||
| 590 | _aInventariado, 2018/ YL | ||
| 650 | 4 |
_aCreación literaria, artística, etc. _918866 |
|
| 650 | 4 |
_aFilosofía del arte _916328 |
|
| 650 | 4 |
_aLiteratura dominicana _xCrítica e interpretación _9216 |
|
| 650 | 4 |
_aMovimientos literarios _yCrítica e interpretación _947251 |
|
| 830 | 0 |
_aPor las amenas liras _n13 _964206 |
|
| 910 | _aValidado. Control de calidad EMS | ||
| 942 |
_2ddc _cLBS1 |
||
| 999 |
_c37233 _d37233 |
||